000 00580nam a2200229Ia 4500
003 OSt
005 20220924144632.0
006 a|||||r|||| 00| 0
007 ta
008 220923b |||||||| |||| 00| 0 urd d
024 _a316524
037 _cTextual
040 _aARTS
_cARTS
_burd
041 _2urd
_aurd
082 _aO168,2L97,1, M8
100 _aD.A. Herisan Qurban
_9218064
245 0 _aTasveer-e-Ghalib
260 _c1988
650 _aURDU DRAMA
942 _hO168,2L97,1, M8
_cTEXL
_2CC
999 _c457710
_d457710